Nároky organizácie a potreba ich akceptácie
Požiadavky organizácie, ktoré sú riadené schvaľovacím procesom. Pre zvýšenie efektivity rozhodovania je potrebné tieto procesy optimalizovať a riadiť. Automatizácia požiadaviek prispeje k odstráneniu kópií, chybovosti a zjednodušeniu administratívnych procedúr.
Enregistré dans:
| Auteur principal: | |
|---|---|
| Autres auteurs: | , |
| Format: | Chapitre de livre |
| Langue: | slovaque |
| Sujets: | |
| Tags: |
Pas de tags, Soyez le premier à ajouter un tag!
|
MARC
| LEADER | 00000naa a2200000 4500 | ||
|---|---|---|---|
| 001 | 0272188 | ||
| 005 | 20210225203256.3 | ||
| 041 | 0 | |a slo | |
| 044 | |a SK | ||
| 245 | 1 | 0 | |a Nároky organizácie a potreba ich akceptácie |c Anton Panda, Peter Vrábel, Marcel Behún |
| 520 | |a Požiadavky organizácie, ktoré sú riadené schvaľovacím procesom. Pre zvýšenie efektivity rozhodovania je potrebné tieto procesy optimalizovať a riadiť. Automatizácia požiadaviek prispeje k odstráneniu kópií, chybovosti a zjednodušeniu administratívnych procedúr. | ||
| 610 | 2 | 0 | |a potreby |
| 610 | 2 | 0 | |a akceptácia |
| 610 | 2 | 0 | |a organizácie |
| 610 | 2 | 0 | |a digitalizácia |
| 610 | 2 | 0 | |a plán |
| 610 | 2 | 0 | |a inovácia |
| 100 | 1 | |a Panda, Anton | |
| 700 | 1 | |a Vrábel, Peter | |
| 700 | 1 | |a Behún, Marcel | |